00687nam a2200217u 450000500170000000800410001701000170005802000250007502000220010003500170012203700160013904000180015508200060017324500760017926000380025527000490029330000300034249000610037270000190043370000170045200000000000000.0810522s1962 nyua j 00| 1 eng  aB-345540-542 a9780746057827c65.00 a0746057822c65.00 aB-345540-542 bTarun Books adplbEnglish  aS aStories of knights /cretold by Jane Bingham; illustrated by Alan Marks aLondonbUsborne Publishing c2004 aUsborne House, 83-85 Saffron Hill, bLondon  a48p. : bill.c20cm (pbk) aUsborne young reading; edited by Lesley Simsvseries one aBingham, Jane  aMarks, Alan